[Event "Proclient Cup GMB"]
[Site "Olomouc CZE"]
[Date "2005.08.07"]
[Round "7"]
[White "Jirka,J"]
[Black "Arutinian,D"]
[Result "1/2-1/2"]
[WhiteElo "2391"]
[BlackElo "2446"]

1.d4 Nf6 2.c4 e6 3.g3 Bb4+ 4.Bd2 Be7 5.Bg2 d5 6.Nf3 O-O 7.O-O c6 8.Qc2 b6
9.b3 Ba6 10.a4 Nbd7 11.a5 c5 12.Rd1 dxc4 13.bxc4 Bb7 14.dxc5 Bxc5 15.Nc3 Qe7
16.a6 Bc6 17.h3 h6 18.e4 Rac8 19.Re1 Rfd8 20.e5 Ne8 21.Ne4 Bb4 22.Rad1 Bxe4
23.Rxe4 Bxd2 24.Rxd2 Nc5 25.Red4 Nxa6 26.Qd1 Rxd4 27.Nxd4 Nb8 28.Nb5 a6 29.Nd6 Nxd6
30.Rxd6 g6 31.Rxb6 Kg7 32.Qd6 Qf8 33.c5 Qxd6 34.exd6 Nd7 35.Rc6 Rxc6 36.Bxc6 Nxc5
37.d7 Nxd7 38.Bxd7 a5 39.Kg2 Kf6 40.Kf3 Ke7 41.Ba4 f5 42.Ke3 e5 43.f3 Kf6
44.Kd3 h5 45.Be8 h4 46.gxh4 e4+ 47.fxe4 fxe4+ 48.Kxe4 a4 49.Bxa4 g5 50.h5 Kg7
51.Kf5 Kh8 52.Kg6 Kg8 53.Bc2 Kh8 54.Bd1 Kg8 55.Kf6 Kh8 56.Kf7 Kh7 57.Kf8 Kh8
58.h6 Kh7 59.Bc2+ Kh8 60.Kf7  1/2-1/2

[Event "HZ Open"]
[Site "Vlissingen NED"]
[Date "2005.08.08"]
[Round "3"]
[White "Rodshtein,M"]
[Black "Van Midde,J"]
[Result "1-0"]
[WhiteElo "2459"]
[BlackElo "2064"]

1.d4 Nf6 2.c4 e6 3.g3 Bb4+ 4.Bd2 Qe7 5.Bg2 O-O 6.Nf3 Bxd2+ 7.Qxd2 d6 8.Nc3 Nbd7
9.O-O c6 10.e4 e5 11.Rad1 a5 12.b3 Re8 13.Rfe1 Nf8 14.h3 Ng6 15.Nh2 h5 16.h4 Ng4
17.Nf1 f5 18.exf5 Bxf5 19.dxe5 dxe5 20.Ne4 Rad8 21.Nd6 Be6 22.Qg5 Qxg5 23.hxg5  1-0

[Event "14th Open"]
[Site "Kavala GRE"]
[Date "2005.08.17"]
[Round "7"]
[White "Mateuta,G"]
[Black "Sigalas,F"]
[Result "1-0"]
[WhiteElo "2465"]
[BlackElo "2248"]

1.d4 e6 2.c4 Nf6 3.g3 Bb4+ 4.Bd2 a5 5.Bg2 d5 6.Nf3 O-O 7.O-O dxc4 8.Bg5 b5
9.a4 c6 10.Ne5 Ra6 11.Nc3 Rb6 12.e4 h6 13.Be3 Nbd7 14.f4 Qc7 15.g4 Nxe5 16.fxe5 Nh7
17.Kh1 Bxc3 18.bxc3 Rb8 19.h4 Qe7 20.g5 g6 21.axb5 cxb5 22.Rxa5 Bb7 23.Qe2 h5
24.Ra7 Ra8 25.Rxa8 Rxa8 26.Qf2 Qd7 27.Rd1 Nf8 28.d5 exd5 29.exd5 Qg4 30.Rd4 Ra1+
31.Kh2 Qd7 32.e6 fxe6 33.dxe6  1-0

[Event "49th TCh-ESP Honor 1"]
[Site "Merida ESP"]
[Date "2005.08.26"]
[Round "3"]
[White "Romero Holmes,A"]
[Black "Andres Gonzalez,A"]
[Result "1/2-1/2"]
[WhiteElo "2503"]
[BlackElo "2413"]

1.d4 Nf6 2.c4 e6 3.g3 Bb4+ 4.Bd2 c5 5.Bxb4 cxb4 6.Bg2 d5 7.Nd2 Nc6 8.Ngf3 O-O
9.O-O b6 10.Rc1 Bb7 11.cxd5 exd5 12.e3 Rc8 13.Qe2 Nb8 14.Rfd1 Ba6 15.Qe1 Qe7
16.Bh3 Nbd7 17.Rxc8 Rxc8 18.Rc1 Rxc1 19.Qxc1 Qd6 20.Qc2 Bb7 21.Qa4 a5 22.Qb5 Qc6
23.Qxc6 Bxc6 24.Kf1 Kf8 25.Ke1 Ke7 26.Kd1 Ne8 27.Ne5 Ba4+ 28.b3 Bb5 29.Bxd7 Bxd7
30.Nxd7 Kxd7 31.Kc2 Nd6 32.Kd3 f5 33.Nf3 Ne4 34.Ne5+ Ke6 35.f3 Nd6 36.h4 g6
37.Kd2 Ne8 38.Ke2 Nc7 39.Nd3 h6 40.Ne5 g5 41.hxg5 hxg5 42.g4 fxg4 43.Nxg4 Nb5
44.Kd3 Nc3 45.a3 Na2 46.a4 Nc1+ 47.Kc2 Ne2 48.Kd3 Nc1+ 49.Kc2 Ne2 50.Ne5 Ke7
51.Kd2 Nc3 52.Kd3 Ke6 53.e4 Na2 54.Kd2 Nc3 55.Ke3 Na2 56.Nd3 Nc3 57.Nf2 Kd6  1/2-1/2

[Event "Autumn 4"]
[Site "Alushta UKR"]
[Date "2005.09.26"]
[Round "3"]
[White "Truskavetsky,A"]
[Black "Bindrich,F"]
[Result "1/2-1/2"]
[WhiteElo "2399"]
[BlackElo "2391"]

1.d4 Nf6 2.c4 e6 3.g3 Bb4+ 4.Bd2 Qe7 5.Nf3 O-O 6.Bg2 Bxd2+ 7.Qxd2 d6 8.O-O e5
9.Nc3 a5 10.Rfe1 Re8 11.Rac1 h6 12.e4 Bg4 13.Nd5 Nxd5 14.cxd5 c6 15.dxe5 dxe5
16.Nh4 cxd5 17.exd5 Qd6 18.f4 Na6 19.f5 f6 20.Qxa5 Bh5 21.Qb5 Re7 22.Kh1 Be8
23.Qe2 Bf7 24.Red1 e4 25.Ng6 Bxg6 26.fxg6 Nc5 27.Bh3 Nd3 28.Be6+ Rxe6 29.dxe6 Re8
30.e7 f5 31.Rxd3 exd3 32.Rc8 Qxg6 33.Rxe8+ Qxe8 34.Qe6+ Kh8 35.Qxf5 d2 36.Qd5 Qxe7
37.Qxd2 Qe4+  1/2-1/2

[Event "Open A"]
[Site "Hamburg GER"]
[Date "2005.10.03"]
[Round "3"]
[White "Sharevich,A"]
[Black "Schramm,B"]
[Result "1-0"]
[WhiteElo "2305"]
[BlackElo "2124"]

1.d4 Nf6 2.c4 e6 3.g3 Bb4+ 4.Bd2 c5 5.Bxb4 cxb4 6.Bg2 O-O 7.Nd2 Nc6 8.Ngf3 d6
9.Qc2 Qe7 10.e4 e5 11.d5 Nb8 12.O-O Nfd7 13.Ne1 Nc5 14.Nd3 Nba6 15.Nxc5 Nxc5
16.a3 Na6 17.axb4 Nxb4 18.Qc3 a5 19.c5 dxc5 20.Nc4 Re8 21.f4 f6 22.d6 Qd8
23.fxe5 fxe5 24.Nxe5 Qxd6 25.Rad1 Qe7 26.Nc4 Be6 27.Nd6 b6 28.Nxe8 Rxe8 29.e5 a4
30.Rd6 Qc7 31.Qf3 Bc4 32.Rfd1 Bb3 33.R1d2 Nc2 34.Qh5 Bf7 35.Bd5 Nd4 36.Rf2  1-0

[Event "Autumn 5"]
[Site "Alushta UKR"]
[Date "2005.10.07"]
[Round "1"]
[White "Khudyakov,A"]
[Black "Alexeev,Alexe"]
[Result "0-1"]
[WhiteElo "2215"]
[BlackElo "2356"]

1.d4 Nf6 2.c4 e6 3.g3 Bb4+ 4.Bd2 Qe7 5.Bg2 Bxd2+ 6.Qxd2 d6 7.e4 e5 8.d5 a5
9.Ne2 Nbd7 10.Nbc3 Nc5 11.b3 O-O 12.O-O Bd7 13.f3 Qe8 14.g4 b5 15.Ng3 b4
16.Nd1 Qb8 17.Ne3 a4 18.bxa4 Rxa4 19.Rab1 Qa7 20.Rf2 Ra8 21.g5 Ne8 22.Bf1 Rb8
23.Nef5 Ra3 24.Rxb4 Rxb4 25.Qxb4 Rxf3 26.Qd2 Nxe4 27.Nh6+ gxh6 28.Nxe4 Bf5
29.Ng3 Bb1 30.a4 hxg5 31.Qxg5+ Kf8 32.Nh1 Nf6 33.Bg2 Rf4 34.a5 Ng4  0-1

[Event "Chigorin Mem"]
[Site "St Petersburg RUS"]
[Date "2005.10.22"]
[Round "8"]
[White "Sorokina,A RUS"]
[Black "Denisov,I"]
[Result "1/2-1/2"]
[WhiteElo "2063"]
[BlackElo "2154"]

1.d4 Nf6 2.c4 e6 3.g3 Bb4+ 4.Bd2 Be7 5.Bg2 d5 6.Nf3 O-O 7.O-O c5 8.cxd5 Nxd5
9.dxc5 Bxc5 10.e4 Ne7 11.Qc2 Bb6 12.Rd1 Qc7 13.Qxc7 Bxc7 14.Be3 Nbc6 15.Nc3 a6
16.Na4 Ng6 17.Bb6 Bxb6 18.Nxb6 Rb8 19.Rac1 e5 20.Nxc8 Rfxc8 21.Bf1 Rd8 22.Rxd8+ Nxd8
23.Bc4 h6 24.h4 h5 25.Ng5 Ne7 26.Rd1 Kf8 27.Rd7 Rc8 28.b3 Ke8 29.Rd2 Nec6
30.Nf3  1/2-1/2

[Event "FSIMB November"]
[Site "Budapest HUN"]
[Date "2005.11.05"]
[Round "1"]
[White "Horvath,And"]
[Black "Toth,Li"]
[Result "0-1"]
[WhiteElo "2339"]
[BlackElo "2173"]

1.d4 Nf6 2.c4 e6 3.g3 Bb4+ 4.Bd2 c5 5.Bg2 O-O 6.Bxb4 cxb4 7.e4 d6 8.Ne2 Nc6
9.O-O e5 10.a3 bxa3 11.Nxa3 Qb6 12.d5 Nb8 13.Nc3 Bd7 14.Qd2 a5 15.Kh1 Na6
16.f4 Ne8 17.Rf2 Nc5 18.Raf1 f6 19.h3 Rc8 20.Qd1 a4 21.h4 Nb3 22.Kh2 Qd4
23.Bh3 Qxd1 24.Rxd1 Bxh3 25.Kxh3 Nc5 26.Nab5 Ra8 27.Rdf1 Ra6 28.f5 Rf7 29.Rd2 Nc7
30.Na3 Rb6 31.g4 Rb3 32.Kh2 Rb4 33.Rg1 Nb3 34.Rf2 Nc5 35.Rg3 b5 36.cxb5 Nxe4
37.b6 Nxf2 38.bxc7 Rxc7 39.Nab5  0-1

[Event "TCh-NED 2005-6"]
[Site "Netherlands NED"]
[Date "2005.11.05"]
[Round "3"]
[White "Peek,Mau"]
[Black "Leenhouts,K"]
[Result "1-0"]
[WhiteElo "2383"]
[BlackElo "2398"]

1.d4 Nf6 2.c4 e6 3.g3 Bb4+ 4.Nd2 c5 5.dxc5 Bxc5 6.Ngf3 h5 7.Nb3 Be7 8.Bg2 Nc6
9.Bg5 b6 10.O-O Bb7 11.Nfd4 Qb8 12.Rc1 h4 13.Nxc6 Bxc6 14.Bxc6 hxg3 15.Bxf6 dxc6
16.Bxe7 gxh2+ 17.Kh1 Kxe7 18.Nd4 Qc7 19.Qd2 Rad8 20.Qg5+ Kf8 21.Rfd1 Rd7
22.Qg2 Qd8 23.Qxc6 Kg8 24.Qe4 Rh4 25.f4 g5 26.Rd3 Rxf4 27.Nxe6 Rxe4 28.Nxd8 Rc7
29.Rd2 Kf8 30.b3 Ke8 31.Kxh2 f5 32.Rc3 Rd7 33.Rxd7 Rxe2+ 34.Kg3 Kxd7 35.Rd3+ Ke7
36.Nc6+ Kf6 37.Rd6+ Kf7 38.Nxa7 Rxa2 39.Nc6 Rc2 40.Nd4 Rc3+ 41.Kf2 f4 42.Rxb6 g4
43.Rb5 Kg6 44.Rf5 f3 45.Rf4 Kh5 46.Kg3 Rc1 47.Nxf3 gxf3 48.Rxf3 Kg5 49.Kf2 Kg4
50.Rd3 Kf4 51.Ke2 Rc2+ 52.Kd1 Rh2 53.Rd2  1-0

[Event "FSIMB November"]
[Site "Budapest HUN"]
[Date "2005.11.08"]
[Round "4"]
[White "Ignacz,M"]
[Black "Fodor,T jr"]
[Result "0-1"]
[WhiteElo "2286"]
[BlackElo "2252"]

1.d4 Nf6 2.c4 e6 3.g3 Bb4+ 4.Bd2 c5 5.Bxb4 cxb4 6.Bg2 O-O 7.Nf3 d6 8.Nbd2 Nc6
9.O-O e5 10.dxe5 dxe5 11.Qc2 Qe7 12.e4 Be6 13.Rfd1 Rfd8 14.b3 Bg4 15.Re1 Nd7
16.Nf1 Bxf3 17.Bxf3 Nd4 18.Qd1 Nc5 19.Bg2 Ndxb3 20.Qg4 Nxa1 21.Rxa1 Qe6 22.Qe2 Rd4
23.Ne3 Nxe4 24.Qc2 Nc5 25.Bd5 Qf6 26.Qe2 Re8 27.Nc2 Kf8 28.Nxb4 e4 29.Rb1 Qg5
30.Qb2 Rd2 31.Qa3 e3 32.Nd3 exf2+ 33.Kf1 b6 34.Nxc5 bxc5 35.Qxc5+ Qe7  0-1

[Event "FSGM November"]
[Site "Budapest HUN"]
[Date "2005.11.09"]
[Round "5"]
[White "Porat,I"]
[Black "Turov,M"]
[Result "1/2-1/2"]
[WhiteElo "2328"]
[BlackElo "2546"]

1.d4 Nf6 2.c4 e6 3.g3 Bb4+ 4.Bd2 c5 5.Nf3 O-O 6.Bg2 Nc6 7.Bxb4 cxb4 8.O-O d6
9.e3 e5 10.a3 Qc7 11.Nbd2 bxa3 12.Rxa3 Re8 13.Qb3 a5 14.Qc3 e4 15.Ne1 Bg4
16.Nc2 Qd7 17.b4 axb4 18.Nxb4 Rxa3  1/2-1/2

[Event "FSGM November"]
[Site "Budapest HUN"]
[Date "2005.11.11"]
[Round "7"]
[White "Porat,I"]
[Black "Slavina,I"]
[Result "1-0"]
[WhiteElo "2328"]
[BlackElo "2385"]

1.d4 Nf6 2.c4 e6 3.g3 Bb4+ 4.Bd2 c5 5.Bxb4 cxb4 6.Bg2 O-O 7.e4 d6 8.Ne2 e5
9.Qd2 a5 10.a3 Na6 11.O-O b6 12.axb4 Nxb4 13.Nbc3 Bd7 14.Rfc1 Bc6 15.Nd5 Bxd5
16.cxd5 Re8 17.dxe5 Rxe5 18.f3 Nd7 19.Nd4 Nc5 20.Ra3 Re8 21.Nf5 Qf6 22.Qc3 Nxd5
23.Qxf6 Nxf6 24.Nxd6 Re6 25.e5 Rd8 26.f4 Rdxd6 27.exd6 Rxd6 28.b4 Ne6 29.Rc8+ Rd8
30.Rac3 Re8 31.Rxe8+ Nxe8 32.Rc8 Nc7 33.Bc6 Kf8 34.b5 a4 35.Bxe8 Nxe8 36.Rb8 a3
37.Ra8 Ke7 38.Rxa3 Nc7 39.Ra7 Kd6 40.Rb7 Nxb5 41.Rxf7 Nd4 42.Rxg7 h5 43.Rg6+ Kd5
44.Rxb6  1-0

[Event "FSIMB November"]
[Site "Budapest HUN"]
[Date "2005.11.16"]
[Round "12"]
[White "Rombaldoni,D"]
[Black "Toth,Li"]
[Result "0-1"]
[WhiteElo "2316"]
[BlackElo "2173"]

1.d4 Nf6 2.c4 e6 3.g3 Bb4+ 4.Nd2 Nc6 5.Nf3 d5 6.cxd5 exd5 7.Bg2 O-O 8.O-O Re8
9.a3 Bd6 10.b4 Bg4 11.Nb3 Qc8 12.Re1 Bh3 13.Bh1 Ne4 14.Nc5 Nd8 15.Qb3 c6
16.Nxe4 dxe4 17.Ng5 Be6 18.Qc2 f5 19.Nxe6 Qxe6 20.Bd2 Qg6 21.Bg2 Kh8 22.f4 Ne6
23.e3 Nc7 24.Kf2 Nd5 25.Qb3 a6 26.a4 b5 27.Rec1 Be7 28.Ra2 Nb6 29.axb5 axb5
30.Rxa8 Rxa8 31.Bf1 Qd6 32.Rc5 Qh6 33.Rc1 Nd5 34.Kg2 Qe6 35.Kf2 h6 36.Qc2 Bxb4
37.Bxb4 Nxb4 38.Qc5 Nd3+ 39.Bxd3 exd3 40.Qxc6 Qa2+ 41.Kg1 d2 42.Rd1 b4 43.g4 b3
44.gxf5 b2 45.Qb7 Qa1 46.Kg2 Qxd1 47.Qxa8+ Kh7 48.Qa6 Qg4+  0-1

[Event "IV I Subasic Mem"]
[Site "Zenica BIH"]
[Date "2005.11.19"]
[Round "1"]
[White "Polovnikova,E"]
[Black "Terzic,S"]
[Result "0-1"]
[WhiteElo "2414"]
[BlackElo "2283"]

1.d4 Nf6 2.c4 e6 3.g3 Bb4+ 4.Bd2 Be7 5.Bg2 d5 6.Nf3 O-O 7.O-O c6 8.Qc2 Nbd7
9.Rd1 b6 10.Bf4 Bb7 11.Ne5 Nxe5 12.Bxe5 Qd7 13.Nd2 Rfd8 14.h3 Qe8 15.e4 Qf8
16.Rac1 Ne8 17.exd5 cxd5 18.Qa4 Bd6 19.Bxd6 Qxd6 20.c5 bxc5 21.dxc5 Qc6 22.Qa5 Rdc8
23.b4 a6 24.Nb3 Qd7 25.Nd4 Bc6 26.Nxc6 Qxc6 27.Qb6 Qa4 28.c6 Rab8 29.Qc5 Qxb4
30.Bf1 Qxc5 31.Rxc5 Rb6 32.Rdc1 Nc7 33.a4 Kf8 34.a5 Rb4 35.Bd3 Ke7 36.R1c2 Kd6
37.f4 Rcb8 38.Bxa6 Nxa6  0-1

[Event "WJun Girls"]
[Site "Instanbul TUR"]
[Date "2005.11.22"]
[Round "13"]
[White "Sharevich,A"]
[Black "Khukhashvili,S"]
[Result "0-1"]
[WhiteElo "2305"]
[BlackElo "2362"]

1.d4 Nf6 2.c4 e6 3.g3 Bb4+ 4.Bd2 Be7 5.Bg2 d5 6.Nf3 O-O 7.O-O c6 8.Qb3 b6
9.Nc3 Ba6 10.cxd5 cxd5 11.Ne5 Nfd7 12.Nxd5 exd5 13.Nxf7 Rxf7 14.Bxd5 Kh8
15.Bxa8 Rf8 16.Bf3 Bd6 17.Rfe1 Qf6 18.Qd5 h6 19.b4 b5 20.Qh5 Nb6 21.Kg2 Kg8
22.Rac1 Nc4 23.Bc3 Nd7 24.Rf1 Qe7 25.Qg6 Nf6 26.Qf5 Kh8 27.a4 bxa4 28.b5 Bb7
29.Qd3 Bxf3+ 30.exf3 Nb6 31.Rfe1 Qd7 32.Bd2 Nbd5 33.Qc4 Qf5 34.Qc2 Qh5 35.Qd3 Qf7
36.Rc6 Bb4 37.f4 Nh5 38.Re5 Bxd2 39.Qxd2 a3 40.Kg1 Nhxf4 41.gxf4 Nxf4 42.d5 a2
43.Qxa2 Nh3+ 44.Kf1 Nxf2 45.Qe2 Nd3+ 46.Kg1 Nxe5 47.Rc3 Nf3+ 48.Kg2 Qg6+  0-1

[Event "IV I Subasic Mem"]
[Site "Zenica BIH"]
[Date "2005.11.23"]
[Round "6"]
[White "Polovnikova,E"]
[Black "Drasko,M"]
[Result "0-1"]
[WhiteElo "2414"]
[BlackElo "2528"]

1.d4 e6 2.c4 Nf6 3.g3 Bb4+ 4.Bd2 c5 5.Bxb4 cxb4 6.Bg2 O-O 7.e4 d6 8.Ne2 Nc6
9.O-O Qb6 10.a3 e5 11.axb4 Qxb4 12.b3 Bg4 13.f3 Bd7 14.Nbc3 Nxd4 15.Nxd4 Qxc3
16.Nf5 Bxf5 17.exf5 d5 18.f4 e4 19.Rc1 Qe3+ 20.Kh1 dxc4 21.Rxc4 Rad8 22.Qc2 Rd2
23.Qc3 Qe2 24.Rg1 h5 25.Rc8 Rxc8 26.Qxc8+ Kh7 27.Qxb7 Rd1 28.h3 Rxg1+ 29.Kxg1 Qe1+
30.Kh2 e3  0-1

[Event "TCh-HUN 2005-6"]
[Site "Hungary HUN"]
[Date "2005.11.27"]
[Round "4"]
[White "Balog,I1"]
[Black "Fodor,T jr"]
[Result "0-1"]
[WhiteElo "2200"]
[BlackElo "2252"]

1.d4 Nf6 2.g3 e6 3.c4 Bb4+ 4.Bd2 c5 5.Bxb4 cxb4 6.Bg2 O-O 7.Nf3 d6 8.O-O Nc6
9.Nbd2 e5 10.d5 Nb8 11.a3 Na6 12.e4 Qb6 13.Qb3 Nd7 14.Nh4 Ndc5 15.Qe3 Bd7
16.h3 Rac8 17.g4 bxa3 18.Qxa3 Nb4 19.Qa5 Nc2 20.Ra2 Nd4 21.Nhf3 Ne2+ 22.Kh2 Qxa5
23.Rxa5 a6 24.Re1 Nf4 25.Ra2 g6 26.Ng1 Kg7 27.Bf1 h5 28.f3 hxg4 29.hxg4 Rh8+
30.Kg3 f5 31.Ra3 Rh1 32.Bg2 Nxg2 33.Kxg2 Rch8 34.Nf1 fxe4 35.fxe4 R1h4 36.b4 Rxg4+
37.Ng3 Na4 38.Nf3 Rf4 39.Ng5 b5 40.Rc1 Kf6 41.Nf3 Bh3+ 42.Kg1 Rc8 43.Nd2 Bd7
44.Raa1 Ke7 45.cxb5 Rxc1+ 46.Rxc1 Bxb5 47.Rc7+ Kf6 48.Nc4 Bxc4 49.Rxc4 Rf3
50.Ne2 Rb3 51.Rc6 Ke7 52.Rc7+ Kd8 53.Rc6 Kd7 54.Rxa6 Rxb4 55.Ra7+ Kc8 56.Ng3 Nc5
57.Rg7 Nxe4 58.Rxg6 Nxg3 59.Rxd6 Rg4 60.Re6 Ne4+ 61.Kf1 Rg5 62.Rc6+ Kd7 63.Ke2 Nd6
64.Ra6 Rg2+ 65.Ke3 Rc2 66.Ra7+ Rc7 67.Ra1 Rc5 68.Rd1 Rc3+  0-1

[Event "ch-ROM w"]
[Site "Baile Tusnad ROM"]
[Date "2005.12.02"]
[Round "7"]
[White "Dragomirescu,An"]
[Black "Padurariu,I"]
[Result "1-0"]
[WhiteElo "2249"]
[BlackElo "2204"]

1.d4 Nf6 2.c4 e6 3.g3 Bb4+ 4.Bd2 c5 5.Bxb4 cxb4 6.Nf3 b6 7.Bg2 Bb7 8.O-O O-O
9.Nbd2 d6 10.Re1 Nc6 11.e4 e5 12.d5 Ne7 13.Qa4 a5 14.a3 bxa3 15.bxa3 Ba6
16.Reb1 Qc7 17.Ra2 Rab8 18.Rab2 Nd7 19.Bh3 Nc5 20.Qc2 Nc8 21.Nh4 Na7 22.Bf1 Bc8
23.f4 f6 24.Be2 Bd7 25.Kg2 Rfe8 26.fxe5 Rxe5 27.Nhf3 Ba4 28.Qc3 Nxe4 29.Nxe4 Rxe4
30.Bd3 Ree8 31.Qd4 Nc8 32.Qh4 g6 33.c5 b5 34.c6 Qf7 35.Bxb5 Bxb5 36.Rxb5 Rxb5
37.Rxb5 Ne7 38.Qc4 Nf5 39.Rb3 a4 40.Rc3 Qc7 41.Qb5 Rb8 42.Qxa4 Rb2+ 43.Kh3 Qc8
44.g4 Ne7 45.Qe4 Kf8 46.Re3 Qc7 47.Qe6 Rb8 48.Qxf6+ Ke8 49.Ng5  1-0

[Event "FSGMB December"]
[Site "Budapest HUN"]
[Date "2005.12.03"]
[Round "1"]
[White "Porat,I"]
[Black "Ilincic,Z"]
[Result "1/2-1/2"]
[WhiteElo "2328"]
[BlackElo "2540"]

1.d4 Nf6 2.c4 e6 3.g3 Bb4+ 4.Bd2 c5 5.Bxb4 cxb4 6.Bg2 O-O 7.e4 d6 8.Ne2 e5
9.a3 Na6 10.axb4 Nxb4 11.Qd2 a5 12.O-O Be6 13.Na3 Qb6 14.Nc3 Qxd4 15.Qxd4 exd4
16.Ncb5 d3 17.Nxd6 Nd7 18.Nab5 Nc2 19.Rad1 Nc5 20.Nc7 Bg4 21.Nxa8 Bxd1 22.Rxd1 Rxa8
23.e5 Nb4 24.Nxb7 Nxb7 25.Bxb7 Rd8 26.c5 Rd4 27.b3 Kf8 28.c6 Nd5 29.Rd2 Nc7
30.f4 g5 31.fxg5 Rd5 32.Kf2 Ke8 33.h4 Rd4 34.Ke3 Rg4 35.Kf3 Rd4 36.Ke3 Rg4
37.Rxd3 Rxg3+ 38.Kd2 Rg2+ 39.Ke1 Rc2 40.Bc8 Rc5 41.Bd7+ Ke7 42.Re3 Nd5 43.Re4 Nb4
44.Rc4 Rxc4 45.bxc4 Nd3+ 46.Kd2 Nxe5 47.Bf5 Kd6 48.Bxh7 Nf3+ 49.Kc3 Nxh4
50.Be4 Ng6 51.c5+ Kc7 52.Kc4 Nf4 53.Kb5 Ne6 54.Kxa5 Nxg5 55.Bd5 f5 56.Kb5 Ne4
57.Kc4 Nf6 58.Bf3 Ng8 59.Kd4 Ne7 60.Ke5 Nxc6+  1/2-1/2

[Event "FSGMA December"]
[Site "Budapest HUN"]
[Date "2005.12.11"]
[Round "9"]
[White "Porat,S"]
[Black "Berczes,D"]
[Result "1-0"]
[WhiteElo "2444"]
[BlackElo "2475"]

1.d4 Nf6 2.c4 e6 3.g3 Bb4+ 4.Bd2 Qe7 5.Bg2 Nc6 6.Nf3 Bxd2+ 7.Nbxd2 d6 8.O-O a5
9.e4 e5 10.d5 Nb8 11.Ne1 h5 12.h4 Bg4 13.Qa4+ c6 14.f3 Bc8 15.Nd3 O-O 16.b4 b5
17.cxb5 Qa7+ 18.Nf2 cxd5 19.bxa5 Nbd7 20.Nb3 dxe4 21.fxe4 Ng4 22.Bf3 Ndf6
23.Qb4 Qe3 24.Kg2 Nxf2 25.Rxf2 Bh3+ 26.Kg1 Ng4 27.Qd2 Qxf2+ 28.Qxf2 Nxf2
29.Kxf2 Rac8 30.Rc1 Rxc1 31.Nxc1 Rc8 32.b6 Rc2+ 33.Be2 Bc8 34.a4 Kf8 35.Ke3 Ke7
36.a6 Kd8 37.a7 Bb7 38.Ba6  1-0

[Event "12th Open"]
[Site "Zadar CRO"]
[Date "2005.12.13"]
[Round "2"]
[White "Gleizerov,E"]
[Black "Brulic,D"]
[Result "1-0"]
[WhiteElo "2564"]
[BlackElo "2247"]

1.d4 Nf6 2.c4 e6 3.g3 Bb4+ 4.Bd2 c5 5.Bxb4 cxb4 6.Bg2 O-O 7.Nf3 d6 8.O-O Nc6
9.a3 bxa3 10.Rxa3 e5 11.Nc3 Bg4 12.Nb5 Qb6 13.d5 Nb4 14.Qb3 a5 15.Qe3 Qxe3
16.Rxe3 Ra6 17.Nd2 Rc8 18.h3 Bd7 19.Na3 Ba4 20.f4 exf4 21.gxf4 Rb6 22.b3 Be8
23.Ref3 Nd7 24.e4 f6 25.h4 Bh5 26.Bh3 Rd8 27.Re3 Nc5 28.Nb5 Nc2 29.Rc3 Nb4
30.Nd4 Re8 31.Ne6 Nbd3 32.Ra1 a4 33.Ra3 Bd1 34.bxa4 Be2 35.Nxc5 Nxc5 36.Ra2 Bd3
37.Be6+ Kf8 38.Rca3 Bxe4 39.a5 Rb4 40.a6 bxa6 41.Nxe4 Nxe4 42.Rxa6 Reb8 43.Ra7 Rb1+
44.Kg2 Nc3 45.Rc2 R1b2 46.Rxb2 Rxb2+ 47.Kf3 Rb3 48.Rf7+ Ke8 49.Rxg7 Nxd5+
50.Ke4 Ne3 51.c5 d5+ 52.Bxd5 Nxd5 53.Kxd5 Rb4 54.c6 Kd8 55.Rxh7 Rxf4 56.h5 Rf1
57.h6 Rh1 58.Rd7+ Kc8 59.h7 f5 60.Rg7  1-0

[Event "Open A"]
[Site "Bethune FRA"]
[Date "2005.12.29"]
[Round "7"]
[White "Housieaux,D"]
[Black "Epishin,V"]
[Result "1/2-1/2"]
[WhiteElo "2305"]
[BlackElo "2574"]

1.d4 Nf6 2.c4 e6 3.g3 Bb4+ 4.Bd2 a5 5.Bg2 O-O 6.e4 d6 7.Ne2 e5 8.O-O Re8
9.d5 c6 10.Nbc3 cxd5 11.cxd5 Bd7 12.Nc1 Na6 13.Nd3 Nc5 14.Be3 b6 15.Bxc5 bxc5
16.Rc1 c4 17.Ne1 Qb6 18.Qe2 Rec8 19.Nf3 a4 20.a3 Ba5 21.Rb1 Rab8 22.Rfc1 h5
23.h3 g6 24.Ng5 Kg7 25.Bf1 Qd8 26.Nf3 Bxc3 27.bxc3 Rxb1 28.Rxb1 Nxe4 29.Qxe4 Bf5
30.Qe1 Bxb1 31.Qxb1 Rb8 32.Qc2 Qa5 33.Nd2 Qxd5 34.Bxc4 Qc5 35.Qd3 f5 36.Kg2 Rb2
37.Bd5 Rb5 38.Bc4 e4 39.Qc2 Rb7 40.Qxa4 d5 41.Bb3 Qxc3 42.Bxd5 Rc7 43.Nf1 h4
44.Qe8 hxg3 45.Qg8+ Kh6 46.Qf8+ Qg7 47.Qd8 Qe7 48.Qh8+ Qh7 49.Qf8+ Qg7 50.Qd8 Re7
51.Nxg3 Qf6 52.Qb8 Re5 53.Qb3 Qe7 54.Bc6 e3 55.fxe3 Rxe3 56.Qb2 Kh7 57.Qb7 Qxb7
58.Bxb7 Rxa3 59.Bf3 Kg7 60.Ne2 g5 61.Kg3 Kf6 62.Kg2 Ke5 63.Kg3 Ra4 64.Bc6 Rc4
65.Bf3 Rc5 66.Bb7 Rc2 67.Bf3 Rd2 68.Kg2 Ke6 69.Kf2 Rb2 70.Kg3 Rd2 71.h4 g4
72.Bxg4 fxg4 73.Nf4+ Ke5 74.Kxg4 Ke4 75.Ne6 Rg2+ 76.Kh5 Kf5 77.Ng5 Rg3 78.Nf7 Rg7
79.Nd6+ Ke5 80.Kh6 Rg4 81.Kh5 Kf4 82.Ne4 Rg8 83.Nf6 Rh8+ 84.Kg6 Rxh4 85.Nh5+ Ke5
86.Kg5 Ra4 87.Nf6 Ra7 88.Nh5 Ra8 89.Nf6 Ke6 90.Ng4 Rf8 91.Ne3 Rf3 92.Ng4 Rf5+
93.Kh4 Ra5 94.Kg3 Kf5 95.Ne3+ Ke4 96.Ng2 Ra3+ 97.Kf2 Rb3 98.Ne1 Rb8 99.Ng2 Rf8+
100.Kg3 Rf3+ 101.Kg4 Ra3 102.Nh4 Ra1 103.Kg3 Ra8 104.Ng2 Rf8 105.Nh4 Rf6
106.Ng2 Rg6+ 107.Kf2 Rg4 108.Ne1 Rf4+ 109.Kg3 Rf1 110.Ng2 Rf3+ 111.Kg4 Rf1
112.Kg3 Kd3 113.Nf4+ Ke3 114.Ng2+ Ke4 115.Nh4 Rf8 116.Ng2 Rf3+  1/2-1/2

[Event "Petrovskaya Ladya IM"]
[Site "Peterhof RUS"]
[Date "2006.01.07"]
[Round "5"]
[White "Kosarev,D"]
[Black "Zigangirova,S"]
[Result "1/2-1/2"]
[WhiteElo "2178"]
[BlackElo "2327"]

1.d4 Nf6 2.c4 e6 3.g3 Bb4+ 4.Bd2 c5 5.Bxb4 cxb4 6.Bg2 O-O 7.Nd2 d6 8.e3 a5
9.Ne2 Qe7 10.O-O e5 11.h3 Bf5 12.Re1 e4 13.g4 Bg6 14.Nf4 h6 15.Nxg6 fxg6
16.f3 exf3 17.Qxf3 Nc6 18.Qg3 Rae8 19.Bf3 g5 20.Re2 Kh8 21.Rf1 Qd7 22.Bxc6 bxc6
23.e4 Re7 24.Rfe1 Rfe8 25.b3  1/2-1/2

[Event "13th I.Stepichev Mem"]
[Site "Kyiv UKR"]
[Date "2006.01.13"]
[Round "6"]
[White "Gordenko,D"]
[Black "Semenov,D UKR"]
[Result "1-0"]
[WhiteElo "2375"]
[BlackElo "2342"]

1.d4 Nf6 2.c4 e6 3.g3 Bb4+ 4.Bd2 Bxd2+ 5.Qxd2 O-O 6.Bg2 d5 7.Nf3 Nbd7 8.O-O Qe7
9.Qc2 c5 10.cxd5 Nxd5 11.Nc3 Nxc3 12.Qxc3 cxd4 13.Nxd4 Nf6 14.Rfd1 e5 15.Nb5 Bg4
16.Rd2 Rfd8 17.h3 Bh5 18.g4 Bg6 19.Rad1 Rxd2 20.Qxd2 Kf8 21.Qe3 a6 22.Nc3 h6
23.Qb6 e4 24.Rd4 Rc8 25.a4 Rc7 26.e3 Rd7 27.Rc4 Kg8 28.Rc8+ Kh7 29.Qa7 h5
30.Qb8 Kh6 31.g5+  1-0

[Event "2nd Bundesliga West 2005-6"]
[Site "Austria AUT"]
[Date "2006.01.20"]
[Round "6"]
[White "Scheiblmaier,R"]
[Black "Lickleder,A"]
[Result "1/2-1/2"]
[WhiteElo "2159"]
[BlackElo "2240"]

1.d4 Nf6 2.c4 e6 3.g3 Bb4+ 4.Nd2 c5 5.Nf3 cxd4 6.Nxd4 Qb6 7.e3 Nc6 8.a3 Bxd2+
9.Qxd2 Ne4 10.Qd1 a5 11.Bg2 f5 12.O-O O-O 13.b3 Ne5 14.Qc2 Nc5 15.Rd1 Ng4
16.h3 Nf6 17.Bb2 Nce4 18.Nb5 d5 19.Bd4 Qc6 20.Rac1 Bd7 21.Bxf6 Rxf6 22.Nd4 Qd6
23.cxd5 e5 24.Nxf5 Bxf5 25.Bxe4  1/2-1/2

[Event "2nd Bundesliga West 2005-6"]
[Site "Austria AUT"]
[Date "2006.01.22"]
[Round "8"]
[White "Scheiblmaier,R"]
[Black "Mrsic,R"]
[Result "1-0"]
[WhiteElo "2159"]
[BlackElo "2135"]

1.d4 Nf6 2.c4 e6 3.g3 Bb4+ 4.Nd2 O-O 5.Bg2 d5 6.Nf3 c6 7.O-O b6 8.a3 Be7
9.Qc2 Ba6 10.b3 Nbd7 11.e4 dxe4 12.Nxe4 Bb7 13.Rd1 Qc8 14.Nxf6+ Nxf6 15.Bb2 Rd8
16.Ng5 h6 17.Ne4 Nxe4 18.Bxe4 Bf6 19.c5 Rd7 20.Rd2 Qc7 21.Rad1 Bg5 22.f4 Bf6
23.Bg2 Rad8 24.b4 a5 25.bxa5 bxa5 26.Qa4 Be7 27.Bc3 Ra8 28.Rb2 g5 29.Rxb7 Qxb7
30.Bxc6 Qc7 31.Bxa8 Bxc5 32.dxc5 Qxc5+ 33.Bd4 Qd6 34.Bf3 Qc7 35.fxg5 hxg5
36.Qb5 Qd8 37.Qxg5+ Kh7  1-0

[Event "TCh-FRA Top 16 Gp A"]
[Site "Clichy FRA"]
[Date "2006.02.05"]
[Round "3"]
[White "Romero Holmes,A"]
[Black "Lepelletier,B"]
[Result "1/2-1/2"]
[WhiteElo "2509"]
[BlackElo "2437"]

1.d4 Nf6 2.c4 e6 3.g3 Bb4+ 4.Bd2 Bxd2+ 5.Qxd2 d6 6.Bg2 O-O 7.Nc3 Nbd7 8.e3 Rb8
9.Nge2 a6 10.a4 c5 11.O-O b6 12.Nf4 cxd4 13.exd4 Bb7 14.d5 e5 15.Nfe2 Ne8
16.a5 bxa5 17.Nd1 Bc8 18.Rxa5 Qb6 19.Nc1 Qb4 20.Qxb4 Rxb4 21.b3 Nc5 22.Ra3 a5
23.Ne3 Nf6 24.Rxa5 Nxb3 25.Nxb3 Rxb3 26.c5 dxc5 27.Rxc5 Bd7 28.Rfc1 Re8 29.h3 Rbb8
30.g4 h6 31.Nc4 Rbc8 32.Nb6 Rxc5 33.Rxc5 Rd8 34.Nc4 e4 35.Ne3 Ba4 36.h4 g5
37.hxg5 hxg5 38.d6 Rxd6 39.Rxg5+ Kf8 40.Ra5 Bc6 41.Ra6 Ne8 42.Nf5 Rg6 43.Ng3 Bd7
44.Rxg6 fxg6 45.g5 Ng7 46.Kh2 Bf5 47.Bxe4 Ne6  1/2-1/2

[Event "Masters"]
[Site "Bunratty IRL"]
[Date "2006.02.19"]
[Round "5"]
[White "Van Voorthuijsen,PW"]
[Black "Grant,J"]
[Result "1-0"]
[WhiteElo "2265"]
[BlackElo "2254"]

1.d4 Nf6 2.c4 e6 3.g3 Bb4+ 4.Bd2 Qe7 5.Nf3 Nc6 6.Nc3 d5 7.cxd5 exd5 8.Bg2 O-O
9.O-O Bg4 10.a3 Bxc3 11.Bxc3 Ne4 12.Rc1 Qd7 13.Re1 a5 14.Qd3 Bh3 15.Bh1 f5
16.e3 a4 17.Ne5 Nxe5 18.dxe5 c6 19.Bb4 Rf7 20.f3 Ng5 21.Qd4 f4 22.exf4 Ne6
23.Qd2 b6 24.Bd6 d4 25.Re4 c5 26.g4 g6 27.Kf2 Ra5 28.Kg3 Bxg4 29.fxg4 Rb5
30.Bf3 Rb3 31.Rf1 Qb5 32.Rf2 Qc6 33.Qc2 c4 34.Kg2 b5 35.Qd1 Rd3 36.Qe2  1-0